000 00563cam a22002053a 4500
001 44647
003 PGUSA
005 20140828084023.0
008 140112s2014||||xxu|||||s|||||000 | eng d
040 _aPGUSA
_beng
042 _adc
100 1 _aBloem, Walter,
_d1868-1951
245 1 0 _aKomödiantinnen
_h[electronic resource] /
_cWalter Bloem
260 _bProject Gutenberg,
_c2014
506 _aPublic domain in the USA.
516 _aElectronic text
830 0 _aProject Gutenberg
_v44647
856 4 0 _uhttp://www.gutenberg.org/ebooks/44647
942 _cEB
999 _c273898
_d273898